El mundo de los sabores de Sharp /

Breve recetario de cocina, compuesto por cuatro propuestas del chef Paulino Cruz, cuyo denominador común es el uso del horno de microondas para su elaboración: rollitos de espinacas, arroz con langostinos, pechugas con crema de chipotle y mousse de fresas. El recetario fue producido en formato audio...

Descrizione completa

Salvato in:
Dettagli Bibliografici
Autore principale: Cruz, Paulino (autor)
Natura: Videodisco
Lingua:spagnolo
Pubblicazione: México : Sharp Corporation, 2003, c2003
México : Sharp Corporation [dist.], 2003, c2003
Soggetti:
Tags: Aggiungi Tag
Nessun Tag, puoi essere il primo ad aggiungerne!!

MARC

LEADER 00000ngm^a2200000^a^4500
001 000291021
005 20250521000000.0
009 20260310112025.282
037 |a Acervo Xavier Clavigero 
041 |a ESP 
082 |a 641. 5882  |b CRU 
100 |a Cruz, Paulino  |e (autor) 
245 1 3 |a El mundo de los sabores de Sharp /  |c P. Cruz. 
264 4 |a México :  |b Sharp Corporation,  |c 2003, c2003 
264 4 |a México :  |b Sharp Corporation [dist.],  |c 2003, c2003 
300 |a 1 videocasete VHS  |c (38 min.) 
336 |a imagen móvil bidimensional  |b tdi  |2 rdacontenido 
337 |a video  |b v  |2 rdamedio 
338 |a videocasete  |b vf  |2 rdasoporte 
520 |a Breve recetario de cocina, compuesto por cuatro propuestas del chef Paulino Cruz, cuyo denominador común es el uso del horno de microondas para su elaboración: rollitos de espinacas, arroz con langostinos, pechugas con crema de chipotle y mousse de fresas. El recetario fue producido en formato audiovisual como parte de la promoción de la línea de hornos de microondas de la marca Sharp. Paulino Cruz nació en la Ciudad de México en 1970, estudió Artes Culinarias en The Culinary Institute of America en Hyde Park, Nueva York y el Diplomado en Administración de Servicio de Alimentos y Bebidas en la Universidad Anáhuac del Sur. Una personalidad reconocida en el ámbito gastronómico en México, forma parte del equipo de colaboradores del programa de televisión El rincón de los sabores. 
520 |a Suplementos y características especiales: 1) Versión impresa del recetario en el reverso de la cubierta. 
649 |a XX 
650 |a Cocina -  |x Recetarios -  |x Tema Principal 
650 |a Hornos de Microondas -  |x Tema Principal 
650 |a Gastronomía 
910 |a Fondo General 
920 |a Audiovisuales - Videocasetes 
905 |a 301 
901 |a 0500177278  |b IT2  |c VIS  |u 20250521 
902 |a https://opac.biblio.iteso.mx/vufind/Record/000291021